000 02760 a2200769 4500
001 0000
003 00000
005 20260311145154.0
006 m o d
007 cr unu||||||||
008 990211c19719999gw br pso 0 a0eng c
010 _a 2008233220
016 7 _a013089753
_2Uk
016 7 _a1462140-X
_2DE-600
020 _a9780323937252
029 1 _aOCLCS
_b4008
029 1 _aOCLCS
_bOP-29070
029 1 _aUKMGB
_b013089753
029 1 _aAU@
_b000075789958
030 _aMMIYAO
035 _a(OCoLC)40774105
040 _aRIU
_beng
_epn
_cRIU
_dVPI
_dOCL
_dOCLCQ
_dMUQ
_dOCL
_dGUA
_dAZU
_dOCLCQ
_dUKMGB
_dOCLCQ
_dMYG
_dOCLCQ
_dOCLCO
_dOCLCQ
_dOCLCF
_dOCLCO
_dOCLCQ
_dOCLCO
_dAPUMS
_dEZC
_dU3W
_dAU@
_dOCLCO
_dWYU
_dOCLCO
_dAUD
_dOCLCA
_dVT2
_dNJT
_dOCLCO
_dDLC
_dOCLCA
_dUBY
_dOCLCQ
_dUAB
_dSXB
_dOCLCL
_dSFB
_dQGK
_dCSU
_dXFH
_dOCLCQ
042 _apcc
050 0 0 _aRA 421 .G64
082 0 4 _a616.9041
100 _aGoering, Richard V.
130 0 _aMedical microbiology and immunology (Online)
245 1 0 _aMims' Medical microbiology and immunology.
250 _a7th ed.
264 _aEdinburgh
_bElsevier
_c2025
300 _axvi, 601p. ill.
336 _atext
_btxt
_2rdacontent
337 _acomputer
_bc
_2rdamedia
338 _aonline resource
_bcr
_2rdacarrier
500 _aIncludes index
515 _aSome nos. combined.
538 _aMode of access: World Wide Web.
588 0 _aVol. 184, issue 4 (1996); title from journal home page (viewed Jan. 4, 2000).
588 1 _aVol. 208, no. 5 (Oct. 2019) (SpringerLink, viewed Oct. 28, 2019).
650 0 _aImmunology
650 0 _aMedical microbiology
650 0 _aMicrobiology
650 2 _aAllergy and Immunology.
650 2 _aCommunicable Diseases.
650 2 _aMicrobiology.
650 6 _aImmunologie
650 6 _aMicrobiologie mďicale
650 7 _amicrobiology.
_2aat
650 7 _aImmunology.
_2fast
_0(OCoLC)fst00968006
650 7 _aMedical microbiology.
_2fast
_0(OCoLC)fst01014362
650 7 _aMicrobiology.
_2fast
_0(OCoLC)fst01019576
650 7 _aImmunologia.
_2thub
650 7 _aMicrobiologia md̈ica.
_2thub
655 0 _aElectronic journals.
655 2 _aPeriodical.
655 7 _aperiodicals.
_2aat
655 7 _aPeriodicals.
_2fast
_0(OCoLC)fst01411641
655 7 _aPeriodicals.
_2lcgft
655 7 _aPřiodiques.
_2rvmgf
655 7 _aRevistes electrṇiques.
_2thub
776 0 8 _iPrint version:
_tMedical microbiology and immunology
_x0300-8584
_w(DLC)sn 79009278
_w(OCoLC)1189481
780 0 0 _t
_w(OCoLC)179289517
906 _a7
_bcbc
_csercoop
_d2
_encip
_f20
_gn-oclcserc
942 _2lcc
_cBK
999 _c44105
_d44105